000 00530nam a2200205Ia 4500
005 20240408152512.0
008 131103s9999 xx 000 0 und d
040 _aLoreto College
041 _aEnglish
082 _a370.1
_bAGG
100 _aAggarwal, J.C.
245 _aTeacher and Education in a Developing Society
_cJ.C.Aggarwal
260 _aNew Delhi
_bVikas Pub.
_c1996
300 _axiii,536 p.
504 _aIncludes index
650 _aEducation
651 _aTeacher - Role
850 _aLCBED
942 _cBK
999 _c26207
_d76686